LEADER 01019nam--2200361---450- 001 990006182280203316 005 20161202124338.0 010 $a978-1-444-13537-4 035 $a000618228 035 $aUSA01000618228 035 $a(ALEPH)000618228USA01 035 $a000618228 100 $a20161202d2003----km-y0itay50------ba 101 $aeng 102 $aGB 105 $a||||||||001yy 200 1 $aWorld Englishes$fGunnel Melchers, Philip Shaw 205 $a2. ed 210 $aLondon$aNew York$cRoutledge$d2003 215 $aVIII, 254 p.$d24 cm 606 0 $aLingua inglese$xVarianti$2BNCF 676 $a427.9 700 1$aMELCHERS,$bGunnel$0488521 701 1$aSHAW,$bPhilip$0606471 801 0$aIT$bsalbc$gISBD 912 $a990006182280203316 951 $aVII.3.D. 682$b253967 L.M.$cVII.3.D.$d392572 959 $aBK 969 $aUMA 979 $aALESSANDRA$b90$c20161202$lUSA01$h1237 979 $aALESSANDRA$b90$c20161202$lUSA01$h1243 996 $aWorld Englishes$91372166 997 $aUNISA LEADER 00868nam0 22002411i 450 001 UON00208177 005 20231205103323.359 100 $a20030730d1959 |0itac50 ba 101 $afre 102 $aNL 105 $a||||0 ||||| 200 1 $aHolland$fpar Bernard Pingaud 210 $aBourges$cDe Seuil$d1959. 192 p.$cIll. ; 18 cm 410 1$1001UON00034238$12001 $aPetite planète$v4 620 $dBourges$3UONL002724 700 1$aPINGAUD$bBernard$3UONV115481$0181830 712 $aÉditions du Seuil$3UONV254259$4650 801 $aIT$bSOL$c20240220$gRICA 899 $aSIBA - SISTEMA BIBLIOTECARIO DI ATENEO$2UONSI 912 $aUON00208177 950 $aSIBA - SISTEMA BIBLIOTECARIO DI ATENEO$dSI Oland MISC PIN $eSI LO 56090 5 996 $aHolland$91258717 997 $aUNIOR LEADER 02207nas 2200673- 450 001 9910167559003321 005 20250515111859.0 011 $a2044-1290 035 $a(DE-599)ZDB2625773-7 035 $a(OCoLC)792986571 035 $a(CKB)2550000000015546 035 $a(CONSER)--2016207361 035 $a(EXLCZ)992550000000015546 100 $a20100712a20109999 --- a 101 0 $aeng 135 $aurcnu|||||||| 181 $ctxt$2rdacontent 182 $cc$2rdamedia 183 $acr$2rdacarrier 200 00$aAdvances in mental health and intellectual disabilities 210 1$aHove, East Sussex :$cPier Professional,$d2010- 210 3$aBingley, UK :$cEmerald Group Publishing 311 08$a2044-1282 606 $aLearning disabled$xMental health services$zGreat Britain$vPeriodicals 606 $aLearning disabilities 606 $aMental health 606 $aLearning Disabilities 606 $aMental Health 606 $aPersonnes en difficulté d'apprentissage$xServices de santé mentale$zGrande-Bretagne$vPériodiques 606 $aTroubles de l'apprentissage 606 $aSanté mentale 606 $amental health$2aat 606 $aMental health$2fast 606 $aLearning disabilities$2fast 606 $aTrastorns de l'aprenentatge$2thub 606 $aSalut mental$2thub 607 $aGreat Britain$2fast 608 $aPeriodical 608 $aPeriodicals. 608 $aPeriodicals$2fast 608 $aRevistes electròniques$2thub 615 0$aLearning disabled$xMental health services 615 0$aLearning disabilities. 615 0$aMental health. 615 2$aLearning Disabilities. 615 2$aMental Health 615 6$aPersonnes en difficulté d'apprentissage$xServices de santé mentale 615 6$aTroubles de l'apprentissage. 615 6$aSanté mentale. 615 7$amental health. 615 7$aMental health 615 7$aLearning disabilities 615 7$aTrastorns de l'aprenentatge 615 7$aSalut mental 676 $a362.30941 906 $aJOURNAL 912 $a9910167559003321 996 $aAdvances in mental health and intellectual disabilities$92250714 997 $aUNINA